000 00282 a2200145 4500
001 166837
020 _a
040 _cMagnum
100 _aBrougere, Gilles
240 1 0 _aJogo e educacao
_lpor
245 1 0 _aJogo e educacao
362 0 _a1899
697 _aENSINO
942 _cBK
999 _c166837
_d166837